[Event "8th Calgary International"]
[Site "Calgary"]
[Date "2015.08.02"]
[Round "7.2"]
[White "Shabalov, Alexander"]
[Black "Kazmaier, Daniel"]
[Result "0-1"]
[WhiteElo "2538"]
[BlackElo "2198"]
[PlyCount "72"]
[EventDate "2015.07.29"]
[EventType "swiss"]
[EventRounds "9"]
[EventCountry "CAN"]

1. Nf3 d6 2. d4 f5 3. g3 Nf6 4. Bg2 g6 5. c4 Bg7 6. Nc3 O-O 7. O-O Nc6 8. d5 {
One of the main lines of the Leningrad Dutch is on the board.} Na5 9. Qd3 {
White protects the c4-pawn and threatens to trap the black knight with 10.b4.}
c5 {The usual reply.} (9... e5 $5 {is also possible.}) 10. Bd2 a6 11. Ng5 b5 $6
{A dubious looking novelty that somehow worked well in this game.} ({So far
everybody prepared the queenside expansion with} 11... Rb8) 12. b3 $2 {Too
timid.} ({White should just go ahead and grab the pawn:} 12. cxb5 axb5 13. Nxb5
{etc. Black has no real compensation.}) 12... Ng4 ({Immediate} 12... b4 {looks
good.}) 13. f4 {An interesting decision. The exchange sacrifice looks dubious
but White may actually be able to get full compensation.} ({Nevertheless,} 13.
cxb5 {is still the right continuation.}) 13... b4 14. Na4 Bxa1 15. Rxa1 {
White's main plan is to create threats along the a1-h8 diagonal. He will also
be looking for a good moment to break in the center with e2-e4.} Nf6 16. Re1
Qc7 17. Bc1 ({Here and later the computer advocates the central breakthrough} 
17. e4 $5 {For example,} fxe4 18. Bxe4 Nxe4 19. Qxe4 {with enough compensation
for the exchange.}) 17... Bd7 18. Bb2 Rae8 19. h3 Bxa4 20. bxa4 ({White should
have thrown in} 20. Ne6 $1) 20... Qd7 21. e4 $2 {Unfortunately, the worst
possible timing for this break.} (21. Ne6 $5 {is still relatively best. White
can then follow up with g3-g4.}) 21... Qxa4 $1 {The queen excursion looks
risky but Black must have calculated the following sequence precisely.} 22.
exf5 Qxa2 $1 23. Qe2 Nxc4 $1 {The dormant knight joins the game just in time.}
(23... Qxc4 $2 {is wrong:} 24. Qe6+ Kh8 25. fxg6 hxg6 26. Qg4 {and Black has
to sacrifice a lot of material to prevent the white queen from coming to h7.})
24. Qe6+ Kh8 $1 {The right square for the king.} (24... Kg7 $2 25. Bxf6+ Rxf6
26. Qd7 {and White wins.}) 25. Ba1 {What else?} (25. Bxf6+ {can be answered by}
exf6 $1) 25... b3 26. Bc3 ({The best try is} 26. Nxh7 $5 {when Black has to
tread carefully.} {For example,} b2 27. Bxb2 Qxb2 28. Nxf8 Rxf8 29. fxg6 {and
the position is still not so clear.}) 26... Qc2 27. Nxh7 {One move too late.}
Qxc3 28. Nxf8 Rxf8 {In comparison with the line above Black's b-pawn is still
on the board. The game is essentially over.} 29. fxg6 Ng8 30. Kh2 Rf6 31. Qe4
Qc2 32. Qf3 Rxg6 33. Re2 Nd2 34. Qh5+ Rh6 35. Qg5 Rh7 36. f5 b2 0-1

[Event "2015 Battle of Alberta"]
[Site "Red Deer"]
[Date "2015.09.12"]
[Round "1.2"]
[White "Kazmaier, Daniel "]
[Black "Arruebarrena, Rafael"]
[Result "1-0"]
[WhiteElo "2310"]
[BlackElo "2354"]
[PlyCount "103"]
[EventDate "2015.09.12"]
[EventType "team-match"]
[EventRounds "2"]
[EventCountry "CAN"]
[WhiteTeam "South"]
[BlackTeam "North"]

1. g3 Nf6 2. Bg2 d5 3. Nf3 g6 4. c4 dxc4 5. Qa4+ c6 6. Qxc4 Bg7 7. Nc3 Nbd7 8.
d4 O-O 9. O-O Nb6 10. Qd3 Be6 11. b3 c5 12. dxc5 Nfd5 13. Nxd5 Bxa1 14. cxb6
Qxd5 15. Qxd5 Bxd5 16. Be3 Bf6 17. bxa7 Rfd8 18. Rd1 e6 19. Rd3 Rdc8 20. Nd2
Rc1+ 21. Nf1 Rc3 22. Rd2 Bxg2 23. Kxg2 Bd8 24. b4 Bc7 25. Rd7 b6 26. a4 Rxa7
27. a5 Ra6 28. axb6 Bxb6 29. b5 Rxe3 30. Nxe3 Ra4 {White was better out of the
opening but should have used his advantage more efficiently. Here Black is
threatening to take on e3 making White's win in the rook endgame problematic.}
31. Kf3 $2 {It's hard to question mark this move but it loses all the
advantage.} ({White has an amazing move to solve his problems:} 31. Ng4 $3 {
Black has no satisfactory way of saving the key f7-pawn, while} Rxg4 {runs into
} 32. f4 {followed by 33.h3 trapping the rook!}) 31... Rb4 32. Ng4 Rxb5 {The
position is drawn now although Dan managed to win thanks to Rafael's mistake
later on.} 33. Nf6+ Kf8 34. g4 h5 35. h3 Ba5 36. e3 hxg4+ 37. hxg4 Rb2 38. g5
Bb6 39. Rd6 Ke7 40. Rd7+ Kf8 41. Ne4 Rb5 42. Rxf7+ Kxf7 43. Nd6+ Ke7 44. Nxb5
Ba5 45. Ke4 Be1 46. f4 Bd2 47. Nd4 Kd6 48. Nf3 Bc3 49. Nh4 e5 50. Nxg6 exf4 51.
exf4 Ke6 52. f5+ 1-0

[Event "2015 Battle of Alberta"]
[Site "Red Deer"]
[Date "2015.09.12"]
[Round "1.3"]
[White "Banerjee, Bitan"]
[Black "Ng, Gary"]
[Result "1-0"]
[WhiteElo "2312"]
[BlackElo "2301"]
[PlyCount "63"]
[EventDate "2015.09.12"]
[EventType "team-match"]
[EventRounds "2"]
[EventCountry "CAN"]
[WhiteTeam "North"]
[BlackTeam "South"]

1. d4 Nf6 2. c4 e6 3. Nf3 b6 4. g3 Ba6 5. Qc2 d5 6. Nbd2 Be7 7. Bg2 O-O 8. O-O
c5 9. Rd1 Nc6 10. Qa4 Qc8 11. dxc5 dxc4 12. b4 b5 13. Qa3 Nd5 14. Ne1 Ndxb4 15.
Ne4 Nd5 16. Bf4 Nxf4 17. gxf4 b4 18. Qa4 Rb8 19. Nd6 Bxd6 20. cxd6 Bb5 21. Qc2
c3 22. Nf3 Qa6 23. Ng5 g6 24. Qe4 {White played poorly in the opening and got
outplayed in the early middle game. Here Black is up a pawn but he decided to
grab another one that turns out to be quite hot:} Bxe2 $6 25. Re1 $1 Bb5 {Now
White launches a desperate looking attack but it is actually sufficient for a
draw.} 26. f5 $1 exf5 27. Qh4 h5 28. Bd5 Nd8 {Black reinforces f7 but it's not
enough.} ({Initially, the computer prefers} 28... Kg7 {but then after} 29. Nxf7
Rxf7 30. Bxf7 {Black has to accept the perpetual to avoid the worst:} Kxf7 31.
Re7+ Nxe7 32. Qxe7+ Kg8 33. Qe6+ {etc.}) 29. Nxf7 Nxf7 $2 {Surprisingly, the
losing move.} ({Correct is} 29... Rxf7 $1 {intending to meet} 30. Qf6 {with}
Be2 $1 {Now the white rook cannot join the attack so easily and he has to be
satisfied with a perpetual check:} 31. Qxg6+ Kf8 32. Kh1 $3 Qd3 33. Qh6+ Kg8
34. Rg1+ Bg4 35. Rad1 Qxd1 36. Rxd1 Bxd1 37. Qg6+ {etc.}) 30. Qf6 ({Even
stronger is} 30. Re6 Kh7 31. Qf6 {and Black is defenceless.}) 30... Rb6 (30...
Be2 $1 {with the same idea as above is the most tenacious defence.} {In this
line, however, White can take advantage of the poorly placed black pieces and
still win in a crazy fashion:} 31. Qxg6+ Kh8 32. Qf6+ Kh7 33. Qxf5+ Kg7 34. Kh1
$1 Bg4 35. Rg1 $1 Qe2 36. Qxh5 Nh6 37. f3 $1 {etc.}) 31. Re7 {Now it's all
over.} Be8 32. Rxe8 1-0

[Event "2015 Battle of Alberta"]
[Site "Red Deer"]
[Date "2015.09.12"]
[Round "1.4"]
[White "Zhang, David"]
[Black "Valencia, Belsar"]
[Result "1/2-1/2"]
[WhiteElo "2298"]
[BlackElo "2299"]
[PlyCount "77"]
[EventDate "2015.09.12"]
[EventType "team-match"]
[EventRounds "2"]
[EventCountry "CAN"]
[WhiteTeam "South"]
[BlackTeam "North"]

1. e4 c5 2. Nf3 e6 3. c3 Nf6 4. Bd3 Nc6 5. O-O d5 6. e5 Nd7 7. Re1 Qc7 8. Qe2
Be7 9. h4 b6 10. Bc2 Bb7 11. a3 c4 12. d4 cxd3 13. Bxd3 Nc5 14. Bc2 h6 15. b4
Ne4 16. Bxe4 dxe4 17. Qxe4 Nxb4 18. Qe2 Na6 19. Nd4 Nc5 20. Nd2 a6 21. Rb1 b5
22. c4 Rd8 23. Qg4 g5 24. N2b3 Nxb3 25. Nxb3 bxc4 26. Nd4 h5 27. Nxe6 fxe6 28.
Qxe6 Qc6 29. Qxc6+ Bxc6 30. Bxg5 Rg8 31. Rb6 Bxg5 32. Rxc6 Bd2 33. Rb1 c3 34.
Re6+ Kd7 35. Rbb6 {White is down a piece but threatening a perpetual check.}
Rb8 $2 {Black agrees to split the point but he wasn't obligated to.} ({The
only but sufficient winning move is} 35... Rg7 $1 {intending} 36. Rbd6+ Kc8 37.
Rc6+ Rc7 {White doesn't really have any other ideas.}) 36. Rbd6+ Kc8 37. Rc6+
Kd7 38. Rcd6+ Kc8 39. Rc6+ 1/2-1/2

[Event "2015 Battle of Alberta"]
[Site "Red Deer"]
[Date "2015.09.12"]
[Round "1.8"]
[White "Rekhson, Vlad"]
[Black "Gardner, Robert "]
[Result "0-1"]
[WhiteElo "2207"]
[BlackElo "2256"]
[PlyCount "86"]
[EventDate "2015.09.12"]
[EventType "team-match"]
[EventRounds "2"]
[EventCountry "CAN"]
[WhiteTeam "South"]
[BlackTeam "North"]

1. e4 g6 2. Nc3 Bg7 3. f4 c6 4. d4 b5 5. Nf3 b4 6. Nb1 Nf6 7. e5 Nd5 8. a3 O-O
9. Bc4 Qb6 10. O-O d6 11. axb4 Qxb4 12. b3 Bg4 13. h3 Bxf3 14. Qxf3 Qb6 15. Qf2
Nd7 16. Bd2 Qc7 17. Nc3 N5b6 18. Bd3 e6 19. Ne4 d5 20. Nd6 f5 21. g4 Nc8 22.
Bb4 c5 23. dxc5 fxg4 24. Qe3 a5 25. Nb5 Qb8 26. Ba3 Ne7 27. Nd4 Re8 28. hxg4
Nf8 29. Bb5 Rc8 30. Kg2 g5 31. c6 gxf4 32. Qxf4 Neg6 33. Qf7+ Kh8 34. Bd6 Qb6
35. c3 Nxe5 36. Qb7 Qd8 {White has had an overwhelming position for the past
15 moves or so and now it was the time to pull the trigger.} 37. Be7 $2 (37.
Rxf8+ $1 Bxf8 38. Bxe5+ Kg8 39. Bd3 {etc.}) 37... Qe8 38. Rae1 $2 ({It wasn't
too late for} 38. Rxf8+ Bxf8 39. Bf6+ Kg8 40. Bxe5 {still winning.}) 38... Qg6
{The exposed white king gives Black enough counterplay.} 39. g5 Qh5 40. Be2 Qh4
41. Bf6 $4 {Throwing away the remaining half a point.} ({Correct is} 41. Rh1
Qe4+ 42. Bf3 {when the game goes on.}) 41... Bxf6 42. gxf6 Nfd7 {Now it's
suddenly over.} 43. f7 Rg8+ {Checkmate is inevitable.} 0-1

[Event "2015 Battle of Alberta"]
[Site "Red Deer"]
[Date "2015.09.12"]
[Round "2.2"]
[White "Arruebarrena, Rafael"]
[Black "Kazmaier, Daniel"]
[Result "1-0"]
[WhiteElo "2354"]
[BlackElo "2310"]
[PlyCount "77"]
[EventDate "2015.09.12"]
[EventType "team-match"]
[EventRounds "2"]
[EventCountry "CAN"]
[WhiteTeam "North"]
[BlackTeam "South"]

1. e4 e6 2. d4 d5 3. Nc3 Bb4 4. e5 c5 5. a3 Bxc3+ 6. bxc3 Qa5 7. Bd2 Qa4 8. Qg4
Kf8 9. Nf3 Nc6 10. Bd3 c4 11. Be2 Qxc2 12. Rc1 Qb3 13. h4 Nge7 14. h5 h6 15.
Bd1 Qxa3 16. Bc2 b5 17. Rh3 Nf5 18. Qf4 Bd7 19. g4 Nfe7 20. Bg6 Nd8 21. Nh4 Ke8
22. Bb1 Nec6 23. g5 Qe7 24. gxh6 gxh6 {White sacrificed a couple of pawns in
the opening for a dangerous looking kingside attack. The game went back and
forth after that reaching the position on the diagram.} 25. Rg3 $1 {White is
setting up his next blow.} a5 {Black must have missed the opponent's idea but
his position is difficult anyway.} ({The computer suggests} 25... Qf8 {but
after} 26. Qf6 Ne7 27. Ke2 {strongly prefers White.}) 26. Qxh6 $3 {It is
actually not a real sacrifice but spectacular nonetheless.} Qf8 ({After} 26...
Rxh6 27. Rg8+ Qf8 28. Rxf8+ Kxf8 29. Bxh6+ {the h-pawn will be almost
impossible to stop.}) 27. Qg5 b4 28. h6 bxc3 29. Be3 Nxd4 $2 {I am not sure
about the idea of this move, after which the game is essentially over.} 30.
Bxd4 Nc6 31. Ng6 Qa3 32. Rgxc3 Qb4 33. Nxh8 Nxd4 34. Qg8+ Ke7 35. Qxa8 Nb3 36.
Nxf7 Kxf7 37. Kf1 Nd2+ 38. Kg1 Qe7 39. Rg3 1-0

[Event "2015 Alberta Open"]
[Site "Edmonton"]
[Date "2015.10.11"]
[Round "4.6"]
[White "Koperski, Dustin"]
[Black "Efemuai, Martins"]
[Result "1-0"]
[WhiteElo "1779"]
[BlackElo "2289"]
[PlyCount "23"]
[EventDate "2015.10.10"]
[EventType "swiss"]
[EventRounds "6"]
[EventCountry "CAN"]

1. e4 c5 2. d4 cxd4 3. c3 dxc3 4. Nxc3 e6 5. Nf3 a6 6. Bc4 d6 7. O-O Be7 8. Qe2
b5 9. Bb3 Nd7 {So far all the moves have been normal and typical for the Morra
gambit.} 10. Re1 $6 {This looks like a novelty that is unlikely to attract
many followers.} (10. Rd1 {is where the king's rook usually belongs in the
Morra.}) 10... b4 11. Na4 ({White may also try} 11. Nd5 $5 exd5 12. Bxd5 Ra7
13. Nd4 {but it's a different story.}) 11... e5 $4 {Simply unbelievable!} ({
After the natural} 11... Ngf6 {Black doesn't have much to worry about.}) 12.
Qc4 $1 {The f7-pawn can be defended only at a cost of a piece so Black decided
to resign.} 1-0

[Event "2015 Alberta Open"]
[Site "Edmonton"]
[Date "2015.10.12"]
[Round "5.3"]
[White "Miller, David"]
[Black "Villavieja, Butch"]
[Result "1-0"]
[WhiteElo "2284"]
[BlackElo "2182"]
[PlyCount "41"]
[EventDate "2015.10.10"]
[EventType "swiss"]
[EventRounds "6"]
[EventCountry "CAN"]

1. e4 c5 2. Nf3 d6 3. d4 cxd4 4. Nxd4 Nf6 5. Nc3 a6 6. Bg5 e6 7. f4 Nbd7 8. Qf3
Qc7 9. O-O-O Be7 10. Bd3 b5 11. Rhe1 h6 ({By far the most popular move here is
} 11... Bb7) {I do not intend to begin a theoretical discussion here but will
note that the position is very promising for White. He has several candidate
moves that all look good.} 12. e5 Bb7 13. Qh3 ({If this position occurs again,
David may try} 13. Nxe6 $5 fxe6 14. Bg6+ Kf8 15. exf6 Bxf3 16. fxe7+ Kg8 17.
Rxe6 Bxd1 18. e8=Q+ Rxe8 19. Rxe8+ Nf8 {and will then decide how to get the
queen back with the most interest.}) 13... dxe5 14. Nxe6 {White must sacrifice.
} fxe6 15. Bg6+ Kd8 $2 {The king is going the wrong way.} (15... Kf8 {is
significantly better. Black intends to meet} 16. Qxe6 {with} Qc4 {when the
position remains unclear.}) 16. Bxf6 gxf6 {After this White finds a clear-cut
way to finish the game quickly.} ({Relatively best is} 16... Bxf6 {although
Black's position remains unenviable after} 17. Qxe6) 17. Qxe6 Bc6 18. fxe5 fxe5
19. Rxe5 Bg5+ 20. Kb1 Kc8 21. Rc5 {Black resigned as major material losses are
inevitable.} 1-0

[Event "2015 Alberta Open"]
[Site "Edmonton"]
[Date "2015.10.12"]
[Round "6.5"]
[White "Villavieja, Butch"]
[Black "Koneru, Nimai"]
[Result "1/2-1/2"]
[WhiteElo "2182"]
[BlackElo "1808"]
[PlyCount "175"]
[EventDate "2015.10.10"]
[EventType "swiss"]
[EventRounds "6"]
[EventCountry "CAN"]

1. e4 c6 2. d4 d5 3. exd5 cxd5 4. c4 Nf6 5. Nc3 Nc6 6. Bf4 dxc4 7. d5 e5 8. Bg3
Nb4 9. Bxc4 Bf5 10. Rc1 Rc8 11. Bb5+ Bd7 12. Be2 Bf5 13. Bxe5 Nfxd5 14. Bb5+
Bd7 15. Bxd7+ Qxd7 16. Nge2 Nxc3 17. Qxd7+ Kxd7 18. Rxc3 Rxc3 19. Bxc3 Nd5 20.
O-O Nxc3 21. Nxc3 Bb4 22. Rd1+ Kc6 23. Ne2 Re8 24. Kf1 Re7 25. Nd4+ Kb6 26. a3
Bc5 27. Nb3 Kc6 28. Rc1 b6 29. Nd4+ Kb7 30. Nb3 Kc6 31. Nd2 Kd5 32. Nf3 a5 33.
Rc2 f6 34. Nd2 Re5 35. Nc4 Re4 36. Nd2 Re5 37. g3 h6 38. Nf3 Re7 39. Nh4 Re5
40. Ng6 Re4 41. Nf4+ Kd6 42. Kg2 g5 43. Ne2 f5 44. Nc3 Re7 45. Nb5+ Kd5 46. b3
Re1 47. h3 Ra1 48. a4 Re1 49. Kf3 Rh1 50. Kg2 Re1 51. Rd2+ Kc6 52. Na7+ Kc7 53.
Rd5 Rb1 54. Rd3 Rb2 55. Rf3 g4 56. Rxf5 gxh3+ 57. Kxh3 Rxf2 58. Rh5 Rf3 59.
Rxh6 Rxb3 60. Nb5+ Kd7 61. Rh4 Rb4 62. Rf4 {Black has been pressing for quite
some time and still has the right to play for a win despite reduced material.}
Rxf4 {An understandable decision in time pressure as Black's play becomes
simple.} ({Nevertheless, keeping the tension with a move like} 62... Kc6 $5 {
should be preferred.}) 63. gxf4 Ke6 64. Kg4 Kd5 65. f5 {This risky move was
played too quickly.} ({Here White should spend more time and realize that the
position after} 65. Kf3 Kc4 66. Ke4 Kb3 67. Kd3 Kxa4 68. Kc4 {is a draw.
Easier said that done, of course.}) 65... Kc4 66. f6 $2 {This natural advance
loses.} ({White can still draw with} 66. Kf4 Kb4 67. Ke5 Kxa4 68. Nd6 {For
example,} Bb4 69. Kd5 Bc3 70. Kc4 {achieving essentially the same position as
in the line above.}) 66... Kb3 {Now White lacks a tempo to save the game.} 67.
Nc7 Kxa4 68. Kf5 Kb3 69. Ke6 a4 70. Na6 ({Perhaps, the original plan was} 70.
Nd5 {but Black has a relatively simple win:} a3 71. Ne7 a2 72. f7 Bxe7 73. Kxe7
a1=Q 74. f8=Q Qa3+ {and the queens are off the board.}) 70... Ba3 71. Kd5 Bf8
72. Nc7 a3 73. Ne6 a2 $6 {A step in a wrong direction although Black is still
winning.} (73... Bh6 {is the simplest probably forcing an immediate
resignation.}) 74. Nxf8 a1=Q 75. Nd7 Qd1+ 76. Ke6 Qg4+ 77. Ke7 Qe4+ 78. Kd6
Qd4+ {Black suddenly ran into difficulties.} ({Interestingly enough, pretty
much the only winning idea is} 78... Qe8 $1 {stopping the pawn. With the clock
ticking Nimai couldn't find it but it's hard to blame him. I was watching the
game live and I didn't see it either.}) 79. Ke7 Qb4+ 80. Ke6 b5 $2 81. f7 {
Remarkably, the position is now drawn!} Qc4+ 82. Ke7 Qh4+ 83. Ke6 Qd8 84. f8=Q
Qxf8 85. Nxf8 b4 86. Nd7 Kc4 87. Nb6+ Kd3 88. Kd5 1/2-1/2